000 00210nam a2200097Ia 4500
008 240331s9999 xx 000 0 und d
082 _bMAR
100 _aMarx, A
245 0 _aThada saddam oru vanmurai
942 _cL
999 _c2490
_d2490